000 00772cam a22002053a 4500
001 44685
003 PGUSA
005 20140828084023.0
008 140117s2014||||xxu|||||s|||||000 | eng d
040 _aPGUSA
_beng
042 _adc
100 1 _aWood, J. G.
_q(John George),
_d1827-1889
245 1 0 _aStory of the Bible Animals :
_bA Description of the Habits and Uses of every living Creature mentioned in the Scriptures, with Explanation of Passages in the Old and New Testament in which Reference is made to them
_h[electronic resource] /
_cJ. G. Wood
260 _bProject Gutenberg,
_c2014
506 _aPublic domain in the USA.
516 _aElectronic text
830 0 _aProject Gutenberg
_v44685
856 4 0 _uhttp://www.gutenberg.org/ebooks/44685
942 _cEB
999 _c273936
_d273936